[Event "26. Copenhagen Open  (Politiken Cup)"]
[Site "Taastrup"]
[Date "2004.07.31"]
[Round "9"]
[White "Bering, Anders"]
[Black "Lovik, Lasse Ostebo"]
[Result "1/2-1/2"]
[WhiteElo "2084"]
[BlackElo "1267"]
[PlyCount "181"]
[EventDate "2004.07.24"]
[EventType "swiss"]
[EventRounds "10"]
[EventCountry "DEN"]
[SourceDate "2004.01.01"]

1. e4 e6 2. d4 d5 3. Nc3 Bb4 4. e5 c5 5. a3 Bxc3+ 6. bxc3 Qc7 7. a4 Nc6 8. Nf3
Bd7 9. Qd2 Nge7 10. Ba3 b6 11. Be2 Nf5 12. g4 Nfe7 13. Ng5 h6 14. Nh3 Na5 15.
f4 cxd4 16. cxd4 Nc4 17. Bxc4 Qxc4 18. Qb4 Qxb4+ 19. Bxb4 Nc6 20. Bc3 O-O 21.
Kd2 Rfc8 22. Rhf1 Rc7 23. Ra2 Rac8 24. Rf3 a5 25. f5 exf5 26. gxf5 Ne7 27. f6
Ng6 28. Ra3 Nh4 29. Rg3 Nf5 30. Rg1 Nh4 31. Rxg7+ Kf8 32. Rg3 b5 33. axb5 Nf5
34. Rd3 Bxb5 35. Nf4 Bxd3 36. cxd3 Rd7 37. Rxa5 Rcd8 38. e6 fxe6 39. Nxe6+ Kf7
40. Nxd8+ Rxd8 41. Ra6 Rd6 42. Rxd6 Nxd6 43. Ke3 Kxf6 44. Bb4 Nf5+ 45. Kf4 Ke6
46. Bf8 Kf6 47. Bc5 h5 48. Bb6 Ke6 49. Kg5 h4 50. Kg4 Kf6 51. Bd8+ Kg6 52. Bxh4
Nxd4 53. Kf4 Nc6 54. Be1 Kf6 55. Bc3+ Kg6 56. Be5 Nd8 57. Bb8 Kf6 58. Be5+ Kg6
59. Bb2 Nc6 60. Bc3 d4 61. Be1 Kf6 62. Ke4 Ne5 63. Bg3 Nc6 64. Kd5 Ne7+ 65.
Kxd4 Nf5+ 66. Kc5 Ke6 67. d4 Ne7 68. Bh4 Nd5 69. Bg5 Nc3 70. Kc4 Ne4 71. d5+
Ke5 72. Bh4 Nd2+ 73. Kc5 Nb3+ 74. Kc6 Nd4+ 75. Kc5 Nb3+ 76. Kb4 Nd2 77. Be1 Nf3
78. Kc5 Nxe1 79. d6 Nd3+ 80. Kc6 Ke6 81. h4 Nf4 82. d7 Ke7 83. h5 Ne6 84. h6
Kf7 85. Kd6 Nd8 86. h7 Kg7 87. h8=Q+ Kxh8 88. Ke7 Nc6+ 89. Ke8 Kg8 90. d8=Q
Nxd8 91. Kxd8 1/2-1/2

[Event "26. Copenhagen Open  (Politiken Cup)"]
[Site "Taastrup"]
[Date "2004.07.31"]
[Round "9"]
[White "Bjerke, Silje"]
[Black "Lahlum, Hans Olav"]
[Result "0-1"]
[WhiteElo "2094"]
[BlackElo "2254"]
[PlyCount "72"]
[EventDate "2004.07.24"]
[EventType "swiss"]
[EventRounds "10"]
[EventCountry "DEN"]
[SourceDate "2004.01.01"]

1. d4 d5 2. c4 e6 3. Nf3 c6 4. Nc3 dxc4 5. a4 Bb4 6. e3 b5 7. Bd2 a5 8. axb5
Bxc3 9. Bxc3 cxb5 10. b3 Bb7 11. bxc4 b4 12. Bb2 Nf6 13. Bd3 Nbd7 14. O-O O-O
15. Re1 Re8 16. c5 Bc6 17. Bc2 Ne4 18. Ba4 Qc7 19. Qc2 Reb8 20. Rec1 Qb7 21.
Ne1 Nef6 22. f3 Rc8 23. Qd2 Bb5 24. e4 Bxa4 25. Rxa4 e5 26. dxe5 Ne8 27. Nd3
Qb5 28. Qc2 Nb6 29. Raa1 a4 30. Qb1 Nc4 31. Bc3 b3 32. Rd1 a3 33. Bb4 b2 34.
Ra2 Ra4 35. Bc3 Nc7 36. Qc2 Ne3 0-1

[Event "26. Copenhagen Open  (Politiken Cup)"]
[Site "Taastrup"]
[Date "2004.07.31"]
[Round "9"]
[White "Bjornsson, Sigurbjorn"]
[Black "Sammalvuo, Tapani"]
[Result "1-0"]
[WhiteElo "2315"]
[BlackElo "2445"]
[PlyCount "211"]
[EventDate "2004.07.24"]
[EventType "swiss"]
[EventRounds "10"]
[EventCountry "DEN"]
[SourceDate "2004.01.01"]

1. e4 c5 2. Nc3 d6 3. f4 g6 4. Nf3 Bg7 5. Bc4 Nc6 6. O-O e6 7. d3 Nge7 8. Qe1
h6 9. Bb3 Rb8 10. a4 a6 11. Be3 b5 12. axb5 axb5 13. e5 dxe5 14. fxe5 Nxe5 15.
Nxe5 Bxe5 16. Qf2 O-O 17. Bxc5 Nf5 18. Ne2 Re8 19. d4 Bc7 20. Nc3 Bb7 21. Nxb5
Bxg2 22. Nxc7 Bxf1 23. Nxe8 Bb5 24. Qg2 Bxe8 25. d5 exd5 26. Bxd5 Qf6 27. Re1
Rc8 28. b4 Bc6 29. c4 Bxd5 30. Qxd5 Qg5+ 31. Kh1 Rd8 32. Be7 Rxd5 33. Bxg5 Rd3
34. Bf6 g5 35. Be5 Rb3 36. b5 Ne3 37. Rc1 Nxc4 38. Rxc4 Rxb5 39. Bc3 Rb6 40.
Rc7 Re6 41. Kg2 Re2+ 42. Kg3 h5 43. Bf6 Re3+ 44. Kf2 Rh3 45. Kg2 Ra3 46. Bxg5
Kg7 47. Rc6 Rb3 48. h4 Rb2+ 49. Kf3 Rb3+ 50. Ke4 Rb4+ 51. Kd5 Rb5+ 52. Rc5 Rb6
53. Ke4 Kg6 54. Be3 f6 55. Bd4 Re6+ 56. Kf4 Re1 57. Rc2 Rh1 58. Rg2+ Kf7 59.
Bf2 Ra1 60. Rg1 Ra4+ 61. Kf3 Ra3+ 62. Ke4 Ra2 63. Rf1 Ra6 64. Bd4 Re6+ 65. Kd5
Ra6 66. Rc1 Ra5+ 67. Rc5 Ra3 68. Rc3 Ra5+ 69. Ke4 Kg6 70. Rg3+ Kf7 71. Rf3 Ra6
72. Rb3 Ra4 73. Rb6 Kg7 74. Rc6 Rb4 75. Ra6 Rc4 76. Kd5 Rc2 77. Rxf6 Kh7 78.
Ke6 Rc4 79. Rf7+ Kg6 80. Rg7+ Kh6 81. Rd7 Kg6 82. Rd6 Ra4 83. Ke5+ Kf7 84. Ke4
Ra2 85. Rf6+ Kg8 86. Rf5 Kh7 87. Rxh5+ Kg6 88. Rg5+ Kh6 89. Be3 Ra4+ 90. Bd4
Ra2 91. Rf5 Rg2 92. Be3+ Kg7 93. Bg5 Kg6 94. Rb5 Rg1 95. Kf3 Rf1+ 96. Kg2 Ra1
97. h5+ Kg7 98. Rb7+ Kg8 99. Kg3 Rf1 100. Kg4 Rf2 101. h6 Rf1 102. Kh5 Rf2 103.
Kg6 Rf8 104. Bf6 Rf7 105. Rb8+ Rf8 106. h7# 1-0

[Event "26. Copenhagen Open  (Politiken Cup)"]
[Site "Taastrup"]
[Date "2004.07.31"]
[Round "9"]
[White "Bogdanov, Dimitri"]
[Black "Pedersen, Steen Guldager"]
[Result "1-0"]
[WhiteElo "2129"]
[BlackElo "1954"]
[PlyCount "132"]
[EventDate "2004.07.24"]
[EventType "swiss"]
[EventRounds "10"]
[EventCountry "DEN"]
[SourceDate "2004.01.01"]

1. e4 c5 2. Nc3 e6 3. f4 d5 4. Nf3 dxe4 5. Nxe4 Nf6 6. Bb5+ Bd7 7. Qe2 Nc6 8.
f5 Be7 9. fxe6 Bxe6 10. Nfg5 Qd5 11. Nxe6 Qxe6 12. d3 O-O 13. c3 Nxe4 14. dxe4
Ne5 15. O-O a6 16. Ba4 b5 17. Bc2 c4 18. Be3 Rad8 19. Rad1 Rfe8 20. h3 Rxd1 21.
Rxd1 Rd8 22. Rxd8+ Bxd8 23. Qd2 Bc7 24. Qd5 Qxd5 25. exd5 g6 26. g4 f6 27. Kf2
Bd6 28. Ba7 Kf7 29. Ke3 Ke7 30. Be4 Nd7 31. b3 Ne5 32. Kd4 cxb3 33. axb3 Nd7
34. c4 Be5+ 35. Kd3 Bd6 36. cxb5 axb5 37. Kc3 Nc5 38. Bc2 Na6 39. Bd3 Nc7 40.
Kd4 Kd7 41. Bc5 Be5+ 42. Ke4 Bg3 43. b4 Bd6 44. h4 Ke7 45. Kd4 Kd7 46. h5 gxh5
47. Bf5+ Ke7 48. gxh5 h6 49. Bc8 Ne8 50. Ba6 Ng7 51. Bxb5 Nxh5 52. Bf1 Ng3 53.
Bh3 Ne2+ 54. Kc4 Ng3 55. b5 Ne4 56. Be3 h5 57. b6 Bb8 58. Kb5 f5 59. Kc6 f4 60.
Bc1 h4 61. Ba3+ Kd8 62. Bg2 Ng5 63. Bd6 h3 64. Bc7+ Ke8 65. Bxh3 Nxh3 66. d6
Bxc7 1-0

[Event "26. Copenhagen Open  (Politiken Cup)"]
[Site "Taastrup"]
[Date "2004.07.31"]
[Round "9"]
[White "Bromann, Thorbjorn"]
[Black "Borchgrevink, Harald"]
[Result "1-0"]
[WhiteElo "2348"]
[BlackElo "2227"]
[PlyCount "85"]
[EventDate "2004.07.24"]
[EventType "swiss"]
[EventRounds "10"]
[EventCountry "DEN"]
[SourceDate "2004.01.01"]

1. b3 c5 2. Bb2 Nc6 3. e3 e5 4. Bb5 Nge7 5. Nf3 d6 6. d4 cxd4 7. exd4 Qa5+ 8.
Nc3 e4 9. Nd2 d5 10. f3 e3 11. Nf1 g6 12. Nxe3 Bh6 13. Kf2 O-O 14. Bxc6 bxc6
15. Re1 Re8 16. Na4 Bg7 17. Qd3 Qc7 18. g3 Qd7 19. Nc5 Qh3 20. Kg1 Qh5 21. Ng2
g5 22. Re3 g4 23. Rae1 gxf3 24. Rxe7 Rxe7 25. Rxe7 fxg2 26. Re8+ Bf8 27. Nd7
Bxd7 28. Rxa8 Kg7 29. Kxg2 Bf5 30. Qd2 Be4+ 31. Kg1 Be7 32. Bc1 Qh3 33. Rxa7
Bf6 34. c3 Kg6 35. Rc7 Bd8 36. Rxc6+ f6 37. Rd6 Be7 38. Ra6 Qg4 39. Qg5+ Qxg5
40. Bxg5 Kxg5 41. a4 Kg4 42. a5 Kf3 43. Re6 1-0

[Event "26. Copenhagen Open  (Politiken Cup)"]
[Site "Taastrup"]
[Date "2004.07.31"]
[Round "9"]
[White "Brondum, Eric"]
[Black "Bach, Matthias"]
[Result "1/2-1/2"]
[WhiteElo "2209"]
[BlackElo "2354"]
[PlyCount "39"]
[EventDate "2004.07.24"]
[EventType "swiss"]
[EventRounds "10"]
[EventCountry "DEN"]
[SourceDate "2004.01.01"]

1. d4 d5 2. Nf3 e6 3. c4 c5 4. cxd5 exd5 5. g3 Nc6 6. Bg2 Nf6 7. O-O Be7 8. Nc3
O-O 9. Bg5 cxd4 10. Nxd4 Re8 11. h3 Qb6 12. Be3 Qxb2 13. Ndb5 Bf5 14. Qc1 Qxc1
15. Raxc1 Red8 16. Nc7 d4 17. Nxa8 dxc3 18. Nc7 c2 19. g4 Bg6 20. f4 1/2-1/2

[Event "26. Copenhagen Open  (Politiken Cup)"]
[Site "Taastrup"]
[Date "2004.07.31"]
[Round "9"]
[White "Christensen, Aage Niels"]
[Black "Laursen, Steen"]
[Result "1-0"]
[WhiteElo "1554"]
[BlackElo "1302"]
[PlyCount "101"]
[EventDate "2004.07.24"]
[EventType "swiss"]
[EventRounds "10"]
[EventCountry "DEN"]
[SourceDate "2004.01.01"]

1. d4 f5 2. Nf3 Nf6 3. g3 g6 4. Bg2 Bg7 5. O-O O-O 6. c3 Kh8 7. Re1 d6 8. Bg5
Nbd7 9. Qc1 e5 10. dxe5 Nxe5 11. Nxe5 dxe5 12. Bh6 Bxh6 13. Qxh6 Ng4 14. Qd2
Rb8 15. Rd1 Be6 16. Na3 Qe8 17. h3 Nf6 18. Qe3 e4 19. Qxa7 g5 20. Qc5 Rc8 21.
Nc2 Nd7 22. Qd4+ Kg8 23. Qe3 h6 24. Nd4 Bc4 25. b3 Ba6 26. c4 Kh8 27. Rd2 b6
28. Rad1 Nc5 29. b4 Na4 30. Nb3 Kg8 31. c5 Bb7 32. Na5 Ba6 33. Qb3+ Kh8 34. c6
Bb5 35. Rd7 bxa5 36. Qd5 Rf6 37. Qxb5 Nc3 38. Qc5 Nxd1 39. Qd4 Qf8 40. Qxd1
Qxb4 41. e3 a4 42. Bf1 f4 43. Qa1 Qf8 44. Bc4 Rb8 45. a3 fxe3 46. fxe3 Rb1+ 47.
Qxb1 Qxa3 48. Rd8+ Rf8 49. Rxf8+ Qxf8 50. Qxe4 Qf6 51. Qd4 1-0

[Event "26. Copenhagen Open  (Politiken Cup)"]
[Site "Taastrup"]
[Date "2004.07.31"]
[Round "9"]
[White "Christensen, Janus"]
[Black "Frank Nielsen, Marie"]
[Result "1-0"]
[WhiteElo "2054"]
[BlackElo "1895"]
[PlyCount "57"]
[EventDate "2004.07.24"]
[EventType "swiss"]
[EventRounds "10"]
[EventCountry "DEN"]
[SourceDate "2004.01.01"]

1. e4 e6 2. d4 b6 3. Bd3 Bb7 4. Bf4 d5 5. e5 c5 6. c3 Nd7 7. Nf3 h6 8. O-O Ne7
9. Na3 a6 10. Rc1 Nc6 11. Nb1 Be7 12. Nbd2 Bg5 13. Nxg5 hxg5 14. Be3 Ndxe5 15.
dxe5 Nxe5 16. Nf3 Qc7 17. Nxe5 Qxe5 18. h3 O-O-O 19. Qe2 c4 20. Bd4 Qf4 21. Bb1
Rde8 22. Be5 Qh4 23. Bg3 Qh6 24. Qe5 Re7 25. Qb8+ Kd7 26. Qxb7+ Kd8 27. Qb8+
Kd7 28. Qc7+ Ke8 29. Qc8# 1-0

[Event "26. Copenhagen Open  (Politiken Cup)"]
[Site "Taastrup"]
[Date "2004.07.31"]
[Round "9"]
[White "Danielsen, Dag"]
[Black "Eiholt, Bjarne"]
[Result "0-1"]
[WhiteElo "1905"]
[BlackElo "1542"]
[PlyCount "102"]
[EventDate "2004.07.24"]
[EventType "swiss"]
[EventRounds "10"]
[EventCountry "DEN"]
[SourceDate "2004.01.01"]

1. c4 c6 2. Nf3 d5 3. b3 Nf6 4. g3 Bg4 5. Bg2 e6 6. O-O Nbd7 7. d4 Bd6 8. Bb2
O-O 9. Nbd2 Qe7 10. Ne5 h6 11. Re1 Bf5 12. f3 Bb4 13. a3 Ba5 14. e4 dxe4 15.
fxe4 Bh7 16. Nxd7 Nxd7 17. e5 Rfd8 18. b4 Bc7 19. Be4 Bxe4 20. Rxe4 Nb6 21. Qe2
Na4 22. Nb3 b6 23. Rf1 Nxb2 24. Qxb2 Rd7 25. Rg4 Qf8 26. Qg2 Rad8 27. Qxc6 a5
28. b5 Qxa3 29. Rf3 a4 30. Nd2 Qc1+ 31. Nf1 a3 32. d5 exd5 33. e6 fxe6 34.
Qxe6+ Kh8 35. c5 Qxc5+ 36. Kg2 Qd6 37. Qe2 d4 38. Re4 d3 39. Re8+ Rxe8 40.
Qxe8+ Kh7 41. Rf8 Qd5+ 42. Kh3 Rf7 43. Rh8+ Kg6 44. g4 Qf3+ 45. Ng3 Bxg3 46.
Qe6+ Rf6 47. Qe8+ Rf7 48. Qe6+ Qf6 49. Qe4+ Kg5 50. hxg3 Qf1+ 51. Kh2 Rf2+ 0-1

[Event "26. Copenhagen Open  (Politiken Cup)"]
[Site "Taastrup"]
[Date "2004.07.31"]
[Round "9"]
[White "Danielsen, Magnus"]
[Black "Jensen, Brian W"]
[Result "1/2-1/2"]
[WhiteElo "1928"]
[BlackElo "1623"]
[PlyCount "74"]
[EventDate "2004.07.24"]
[EventType "swiss"]
[EventRounds "10"]
[EventCountry "DEN"]
[SourceDate "2004.01.01"]

1. e4 b6 2. Nc3 Bb7 3. Bc4 e6 4. d4 d6 5. Nge2 Nf6 6. f3 c6 7. Be3 d5 8. Bd3
Nbd7 9. O-O a6 10. e5 Ng8 11. f4 g6 12. g4 c5 13. Ng3 cxd4 14. Bxd4 Bc5 15.
Nce2 Qc7 16. c3 Nh6 17. h3 O-O 18. g5 Nf5 19. Nxf5 exf5 20. Rc1 b5 21. Qd2 Nb6
22. b3 Rac8 23. Qe3 Qe7 24. h4 Nd7 25. Ng3 Bxd4 26. cxd4 Qe6 27. Be2 Rxc1 28.
Rxc1 Rc8 29. Rxc8+ Bxc8 30. Qc3 Nf8 31. Qc5 Qd7 32. Bf3 Bb7 33. Ne2 Ne6 34. Qc3
Qc6 35. Qxc6 Bxc6 36. Kf2 Kf8 37. Ke3 Ke7 1/2-1/2

[Event "26. Copenhagen Open  (Politiken Cup)"]
[Site "Taastrup"]
[Date "2004.07.31"]
[Round "9"]
[White "Ekeberg, Carl Fredrik"]
[Black "Skjoldager, Flemming"]
[Result "1-0"]
[WhiteElo "2298"]
[BlackElo "2088"]
[PlyCount "83"]
[EventDate "2004.07.24"]
[EventType "swiss"]
[EventRounds "10"]
[EventCountry "DEN"]
[SourceDate "2004.01.01"]

1. Nf3 f5 2. c4 Nf6 3. Nc3 g6 4. g3 Bg7 5. Bg2 O-O 6. O-O d6 7. d4 Qe8 8. d5 c6
9. Rb1 Bd7 10. b4 Na6 11. dxc6 bxc6 12. a3 Nc7 13. Bb2 a5 14. e3 axb4 15. axb4
Qf7 16. c5 d5 17. Ne5 Qe8 18. Na4 Rd8 19. h3 Bc8 20. Qc2 Ne4 21. Kh2 Ba6 22.
Rfd1 Bb5 23. Nb6 Na8 24. Ra1 Nxb6 25. cxb6 Rb8 26. Ra7 Rxb6 27. Nd7 Ra6 28.
Rxa6 Qxd7 29. Bxg7 Kxg7 30. Ra3 Qd6 31. Qb2+ Qf6 32. Qc2 Nd6 33. Ra7 Rf7 34.
Rda1 Nc4 35. R1a2 e5 36. Qc3 Re7 37. f4 Rxa7 38. Rxa7+ Kh6 39. Bf1 Qd8 40. fxe5
Qb6 41. Qd4 Qb8 42. Qh4# 1-0

[Event "26. Copenhagen Open  (Politiken Cup)"]
[Site "Taastrup"]
[Date "2004.07.31"]
[Round "9"]
[White "Fjellheim, Marius"]
[Black "Moller, Frederik Oest"]
[Result "0-1"]
[WhiteElo "1237"]
[BlackElo "1832"]
[PlyCount "64"]
[EventDate "2004.07.24"]
[EventType "swiss"]
[EventRounds "10"]
[EventCountry "DEN"]
[SourceDate "2004.01.01"]

1. d4 d5 2. Nf3 Nf6 3. e3 e6 4. Bd3 Nbd7 5. Nbd2 b6 6. O-O Bb7 7. Re1 Be7 8. c3
Rc8 9. e4 dxe4 10. Nxe4 O-O 11. Nxf6+ Nxf6 12. Bg5 c5 13. Bxf6 Bxf6 14. Be4
Bxe4 15. Rxe4 cxd4 16. Nxd4 Qd5 17. Re1 Bxd4 18. Qxd4 Qxd4 19. cxd4 Rfd8 20.
Rac1 Kf8 21. Rc3 Rxc3 22. bxc3 Rc8 23. Rc1 b5 24. f4 Rc4 25. a3 Ra4 26. Ra1 a5
27. Rb1 Rxa3 28. Rxb5 a4 29. Rb4 Ra1+ 30. Kf2 a3 31. g3 a2 32. Ra4 Rh1 0-1

[Event "26. Copenhagen Open  (Politiken Cup)"]
[Site "Taastrup"]
[Date "2004.07.31"]
[Round "9"]
[White "Fredriksen, Jan Gunnar"]
[Black "Preuss, Flemming"]
[Result "1/2-1/2"]
[WhiteElo "1766"]
[BlackElo "2044"]
[PlyCount "71"]
[EventDate "2004.07.24"]
[EventType "swiss"]
[EventRounds "10"]
[EventCountry "DEN"]
[SourceDate "2004.01.01"]

1. e4 e5 2. f4 d5 3. Nf3 exf4 4. exd5 Nf6 5. c4 c6 6. dxc6 Nxc6 7. d4 Bb4+ 8.
Nc3 O-O 9. a3 Re8+ 10. Be2 Bd6 11. O-O Bg4 12. h3 Bh5 13. d5 Ne7 14. b4 Bb8 15.
Nd4 Bxe2 16. Ndxe2 a5 17. bxa5 Qxa5 18. Bxf4 Bxf4 19. Rxf4 Ng6 20. Rd4 Ne5 21.
Qb3 Rac8 22. Kh1 b6 23. Rb1 Ned7 24. Qb4 Qa6 25. Ng3 g6 26. Nge4 Ra8 27. Nxf6+
Nxf6 28. Nb5 Re2 29. Nc7 Qxa3 30. Nxa8 Qe3 31. Qxb6 Re1+ 32. Rxe1 Qxe1+ 33. Kh2
Qe5+ 34. Kh1 Qe1+ 35. Kh2 Qe5+ 36. Kh1 1/2-1/2

[Event "26. Copenhagen Open  (Politiken Cup)"]
[Site "Taastrup"]
[Date "2004.07.31"]
[Round "9"]
[White "Frisk, Hans"]
[Black "Aabling Thomsen, Jakob"]
[Result "0-1"]
[WhiteElo "1960"]
[BlackElo "2139"]
[PlyCount "92"]
[EventDate "2004.07.24"]
[EventType "swiss"]
[EventRounds "10"]
[EventCountry "DEN"]
[SourceDate "2004.01.01"]

1. e4 c5 2. Nf3 Nf6 3. e5 Nd5 4. Nc3 e6 5. Nxd5 exd5 6. d4 Nc6 7. c3 d6 8. exd6
Qxd6 9. dxc5 Qxc5 10. Be3 Qd6 11. Be2 Bf5 12. O-O Be7 13. Qd2 O-O 14. Rad1 Rad8
15. Nd4 Be4 16. f3 Bg6 17. Nb5 Qe6 18. Nc7 Qe5 19. Bf4 Qf6 20. Qe3 d4 21. cxd4
Nxd4 22. Be5 Nxe2+ 23. Qxe2 Qc6 24. Kh1 Bc5 25. Rfe1 a6 26. Qc4 Bh5 27. Nd5 Kh8
28. b4 Bf2 29. Re4 f6 30. Bg3 Ba7 31. Qxc6 bxc6 32. Nc3 Rxd1+ 33. Nxd1 Rd8 34.
Ne3 Bg6 35. Re7 Bd4 36. h3 h5 37. a4 Bc3 38. Bc7 Rd3 39. b5 axb5 40. axb5 cxb5
41. f4 Bb4 42. Re6 Bf7 43. Re4 Bc5 44. Nc2 Bd5 45. Re8+ Kh7 46. Ba5 Rxh3# 0-1

[Event "26. Copenhagen Open  (Politiken Cup)"]
[Site "Taastrup"]
[Date "2004.07.31"]
[Round "9"]
[White "Gaspariants, Garry"]
[Black "Andersen, Daniel"]
[Result "1-0"]
[WhiteElo "2293"]
[BlackElo "2044"]
[PlyCount "43"]
[EventDate "2004.07.24"]
[EventType "swiss"]
[EventRounds "10"]
[EventCountry "DEN"]
[SourceDate "2004.01.01"]

1. c4 Nf6 2. g3 g6 3. Bg2 Bg7 4. Nc3 O-O 5. e4 d6 6. Nge2 Nbd7 7. d3 e5 8. h3
c6 9. Be3 a5 10. Qd2 Nc5 11. O-O a4 12. f4 exf4 13. gxf4 Qe7 14. Rae1 Nh5 15.
d4 Nd7 16. f5 Nb6 17. b3 axb3 18. axb3 gxf5 19. exf5 Nf6 20. Bg5 Qc7 21. Bh6
Qd8 22. Qg5 1-0

[Event "26. Copenhagen Open  (Politiken Cup)"]
[Site "Taastrup"]
[Date "2004.07.31"]
[Round "9"]
[White "Gerstoft, Philip"]
[Black "Andersson, Christin"]
[Result "0-1"]
[WhiteElo "1285"]
[BlackElo "2196"]
[PlyCount "66"]
[EventDate "2004.07.24"]
[EventType "swiss"]
[EventRounds "10"]
[EventCountry "DEN"]
[SourceDate "2004.01.01"]

1. b3 d5 2. Nf3 c5 3. e3 Nc6 4. Bb2 Nf6 5. c4 d4 6. d3 e5 7. Nbd2 Bd6 8. Be2
dxe3 9. fxe3 Ng4 10. Nf1 O-O 11. h3 Nf6 12. Ng3 a5 13. O-O Qc7 14. Ng5 Ne7 15.
N5e4 Nxe4 16. Nxe4 f5 17. Nxd6 Qxd6 18. d4 cxd4 19. exd4 e4 20. d5 f4 21. Qd4
Qg6 22. Bh5 Qg5 23. h4 Qh6 24. Qxe4 Nf5 25. Ba3 Ng3 26. Bf7+ Kh8 27. Qe7 Bg4
28. Rfe1 Ne2+ 29. Rxe2 Bxe2 30. Re1 f3 31. gxf3 Bxf3 32. Qxf8+ Rxf8 33. Bxf8
Qd2 0-1

[Event "26. Copenhagen Open  (Politiken Cup)"]
[Site "Taastrup"]
[Date "2004.07.31"]
[Round "9"]
[White "Gullaksen, Eirik T"]
[Black "Bronnum, Jan"]
[Result "1/2-1/2"]
[WhiteElo "2390"]
[BlackElo "2202"]
[PlyCount "155"]
[EventDate "2004.07.24"]
[EventType "swiss"]
[EventRounds "10"]
[EventCountry "DEN"]
[SourceDate "2004.01.01"]

1. e4 d5 2. exd5 Qxd5 3. Nc3 Qa5 4. Bc4 c6 5. d3 Bf5 6. Bd2 e6 7. Qe2 Nd7 8. g4
Bg6 9. h4 h5 10. Nd5 Qd8 11. Nf4 Qf6 12. Nxg6 Qxg6 13. g5 Nb6 14. Bb3 Bd6 15.
O-O-O Ne7 16. f4 Nbd5 17. Qf2 a5 18. Ne2 Nf5 19. c3 c5 20. Qf3 O-O 21. Bxd5
exd5 22. Qxd5 b5 23. Qf3 Rfe8 24. Ng3 Nxg3 25. Qxg3 c4 26. dxc4 bxc4 27. Qf3
Qf5 28. Rhe1 Reb8 29. Qe4 Qb5 30. Qc2 a4 31. a3 Rb7 32. Be3 Bf8 33. Bd4 Qc6 34.
Be5 Rb3 35. Qe4 Qc8 36. Bd6 Bxd6 37. Rxd6 Rab8 38. Red1 Qf8 39. R1d2 Rxb2 40.
Rxb2 Rxb2 41. Rd7 Rb3 42. Kc2 g6 43. f5 Qb8 44. fxg6 Qh2+ 45. Rd2 Rb2+ 46. Kxb2
Qxd2+ 47. Qc2 Qd7 48. gxf7+ Qxf7 49. Qxa4 Qb7+ 50. Kc1 Qh1+ 51. Qd1 Qxh4 52.
Qd8+ Kg7 53. Qf6+ Kg8 54. a4 Qh1+ 55. Kd2 Qd5+ 56. Ke3 h4 57. Qg6+ Kf8 58. Kf4
Qd2+ 59. Kg4 Qxc3 60. Qd6+ Kf7 61. Qd7+ Kg6 62. Qf5+ Kg7 63. Kh5 Qd4 64. Qf3 c3
65. Qb7+ Kf8 66. g6 Qh8+ 67. Kg5 Qe5+ 68. Kh6 Qf4+ 69. Kh7 Qf5 70. Qb4+ Ke8 71.
Qxc3 Qh5+ 72. Kg7 h3 73. Qc8+ Ke7 74. Qc7+ Ke6 75. Qh2 Qe5+ 76. Qxe5+ Kxe5 77.
Kf7 h2 78. g7 1/2-1/2

[Event "26. Copenhagen Open  (Politiken Cup)"]
[Site "Taastrup"]
[Date "2004.07.31"]
[Round "9"]
[White "Gvein, Kenneth"]
[Black "Agustsson, Hafsteinn"]
[Result "1-0"]
[WhiteElo "2102"]
[BlackElo "1957"]
[PlyCount "93"]
[EventDate "2004.07.24"]
[EventType "swiss"]
[EventRounds "10"]
[EventCountry "DEN"]
[SourceDate "2004.01.01"]

1. c4 c5 2. Nc3 Nf6 3. g3 d5 4. cxd5 Nxd5 5. Bg2 Nc7 6. d3 Nc6 7. Nf3 e5 8. O-O
Be7 9. Be3 Be6 10. Rc1 f6 11. a3 Qd7 12. Na4 b6 13. Qc2 Rc8 14. b4 Nd4 15. Bxd4
cxd4 16. Nxe5 Qd6 17. Nc4 Qd8 18. Bc6+ Kf7 19. b5 Nd5 20. e4 dxe3 21. fxe3 Bd6
22. e4 Ne7 23. Nxd6+ Qxd6 24. Qc3 Rhd8 25. Rfd1 Qd4+ 26. Qxd4 Rxd4 27. Nb2 Nxc6
28. Rxc6 Rxc6 29. bxc6 Ke7 30. Kf2 Rd6 31. Rc1 Kd8 32. Ke3 f5 33. e5 Rd5 34. d4
Kc7 35. Rc3 g5 36. Nd3 a5 37. Nb2 b5 38. Nd3 Rd8 39. Rc5 Rd5 40. Rc2 Bf7 41. h4
h6 42. hxg5 hxg5 43. Nc5 f4+ 44. gxf4 gxf4+ 45. Ke4 Bg6+ 46. Kxd5 Bxc2 47. Ne6+
1-0

[Event "26. Copenhagen Open  (Politiken Cup)"]
[Site "Taastrup"]
[Date "2004.07.31"]
[Round "9"]
[White "Hammer, Jon Ludvig"]
[Black "Prakken, Gerrit"]
[Result "1/2-1/2"]
[WhiteElo "2095"]
[BlackElo "2265"]
[PlyCount "57"]
[EventDate "2004.07.24"]
[EventType "swiss"]
[EventRounds "10"]
[EventCountry "DEN"]
[SourceDate "2004.01.01"]

1. Nf3 Nf6 2. g3 d5 3. c4 e6 4. Bg2 Be7 5. O-O O-O 6. cxd5 exd5 7. d4 c6 8. Nc3
h6 9. Qc2 Be6 10. h3 Nbd7 11. Be3 Re8 12. Ne5 Nxe5 13. dxe5 Nd7 14. f4 f5 15.
Rfd1 Nb6 16. Kh2 Qd7 17. Bf2 Rf8 18. a4 Rad8 19. a5 Nc8 20. Na4 Kh8 21. Nc5
Bxc5 22. Bxc5 Rf7 23. Bd4 Qc7 24. b4 a6 25. Rh1 Rdd7 26. Raf1 Ne7 27. Kg1 Kg8
28. Kf2 Qc8 29. Rc1 1/2-1/2

[Event "26. Copenhagen Open  (Politiken Cup)"]
[Site "Taastrup"]
[Date "2004.07.31"]
[Round "9"]
[White "Hansen, Martin"]
[Black "Schonberg, Pauli"]
[Result "1-0"]
[WhiteElo "1732"]
[BlackElo "1421"]
[PlyCount "103"]
[EventDate "2004.07.24"]
[EventType "swiss"]
[EventRounds "10"]
[EventCountry "DEN"]
[SourceDate "2004.01.01"]

1. e4 b6 2. d4 Bb7 3. Nc3 e6 4. g3 Bb4 5. Bg2 Nf6 6. Qe2 h6 7. a3 Be7 8. Nf3
Ba6 9. Qd1 d5 10. e5 Nh7 11. b4 c6 12. Ne2 Nd7 13. Rb1 b5 14. O-O Bb7 15. Nd2
a5 16. c3 O-O 17. Nb3 a4 18. Nc5 Bxc5 19. bxc5 f6 20. Nf4 Qe8 21. exf6 Ndxf6
22. Re1 Ng5 23. f3 Bc8 24. h4 Nf7 25. Ng6 Ra7 26. Nxf8 Qxf8 27. Bf4 Nh5 28. Qd2
g5 29. hxg5 hxg5 30. Be5 Qh6 31. Kf2 Nxe5 32. Rxe5 Rg7 33. Rh1 Qg6 34. Qe2 Rf7
35. Bh3 Ng7 36. Bg4 Rf8 37. Qd2 Nf5 38. Rh5 Kf7 39. Bxf5 exf5 40. Qxg5 Qxg5 41.
Rxg5 Rh8 42. Kg2 f4 43. g4 Kf6 44. Rh5 Rg8 45. Rh6+ Kf7 46. Rxc6 Bxg4 47. fxg4
Rxg4+ 48. Kf2 Rg3 49. Rxd5 Rxc3 50. Rd7+ Ke8 51. Rh7 Kd8 52. Ra6 1-0

[Event "26. Copenhagen Open  (Politiken Cup)"]
[Site "Taastrup"]
[Date "2004.07.31"]
[Round "9"]
[White "Hansen, Rene Rauer"]
[Black "Schou Moldt, Thomas"]
[Result "0-1"]
[WhiteElo "2066"]
[BlackElo "2248"]
[PlyCount "80"]
[EventDate "2004.07.24"]
[EventType "swiss"]
[EventRounds "10"]
[EventCountry "DEN"]
[SourceDate "2004.01.01"]

1. d4 Nf6 2. c4 d6 3. g3 e5 4. Bg2 c6 5. Nc3 Be7 6. e4 O-O 7. Nf3 Nbd7 8. h3 a6
9. b3 Qa5 10. Bd2 Qc7 11. Qc2 g6 12. O-O Nh5 13. Ne2 Ng7 14. Nh2 f5 15. Kh1 Nf6
16. dxe5 dxe5 17. Bc3 f4 18. Qb2 f3 19. Nxf3 Nxe4 20. Bxe5 Bd6 21. Bxg7 Qxg7
22. Qxg7+ Kxg7 23. Rad1 Bc5 24. Ned4 a5 25. a4 g5 26. Kh2 g4 27. hxg4 Bxg4 28.
Ne5 Nxf2 29. Rxf2 Bxd1 30. Ne6+ Kg8 31. Nxf8 Bxf2 32. Nfd7 Bd4 33. Nd3 Bxb3 34.
c5 Rd8 35. Bh3 Kf7 36. Nf4 Bc4 37. Nb6 Ba2 38. Bf5 Bxc5 39. Nd7 Bd4 40. Ne2 Bb2
0-1